| 000 | 00390cam a2200157ua 4500 | ||
|---|---|---|---|
| 041 |
_aeng _h |
||
| 082 |
_a428.1 _bPAL/GR |
||
| 100 | _aPalmer, Harold E . | ||
| 245 |
_aGrammar of English words / _cHarold E Palmer. _hTextual Documents |
||
| 250 |
_a1 / _b. |
||
| 260 |
_aLondon : _bLongman Green and Co , _c1965. |
||
| 300 | _a300 ; . | ||
| 504 | _a | ||
| 942 | _cBK | ||
| 999 |
_c8586 _d8586 |
||